Migránsok, menekülők, szerencsét próbálók és társaik. I. rész
Undoubtedly, 2015 was the year of migration in Europe: much more than one million people arrived to the „old continent” from not european contries – most of them without registration and authority controll. The questions and problems emerged in this study refer to this massive migration...
Elmentve itt :
| Szerző: | |
|---|---|
| Dokumentumtípus: | Cikk |
| Megjelent: |
2016
|
| Sorozat: | Közép-európai közlemények
9 No. 3 |
| Kulcsszavak: | Bevándorlás - Európa - 21. sz., Migráció - Európai Unió - 21. sz. |
| Online Access: | http://acta.bibl.u-szeged.hu/46273 |
| LEADER | 01819nab a2200193 i 4500 | ||
|---|---|---|---|
| 001 | acta46273 | ||
| 005 | 20260224081030.0 | ||
| 008 | 170706s2016 hu o 000 hun d | ||
| 020 | |a 1789-6339 | ||
| 040 | |a SZTE Egyetemi Kiadványok Repozitórium |b hun | ||
| 041 | |a hun | ||
| 100 | 1 | |a Dövényi Zoltán | |
| 245 | 1 | 0 | |a Migránsok, menekülők, szerencsét próbálók és társaik. I. rész |h [elektronikus dokumentum] / |c Dövényi Zoltán |
| 260 | |c 2016 | ||
| 300 | |a 58-66 | ||
| 490 | 0 | |a Közép-európai közlemények |v 9 No. 3 | |
| 520 | 3 | |a Undoubtedly, 2015 was the year of migration in Europe: much more than one million people arrived to the „old continent” from not european contries – most of them without registration and authority controll. The questions and problems emerged in this study refer to this massive migration: 1. Why 2015 was the very year, when migrants started to get going? We can specify more reasons (which are connected or build on each other) • Syrian war consists. •The Balkan migration corridor opened. • Turkey’s languidity in stop of migration. • Greek’s poor performance in reception of migrants adequately to EU regulations. • Germany’ inviting behaviour to syrian migrants. 2. Who arrived and what do they want? As registration of migrants are very defective, we hardly have reliable information about these people. Sure: • Men are overrepresented. • Young age groups (< 30 years) make the major part of migrants. • Yearly sure: • In the case of the most migrants educational achivement is low. • Fast labour market integration of them is very doubtful. | |
| 695 | |a Bevándorlás - Európa - 21. sz., Migráció - Európai Unió - 21. sz. | ||
| 856 | 4 | 0 | |u http://acta.bibl.u-szeged.hu/46273/1/kek_034_058-066.pdf |z Dokumentum-elérés |